00550nam a2200145Ia 4500008004100000024000700041082002100048100006600069245005100135260002500186600003200211650003300243952011100276999001700387250506s9999 xx 000 0 und d aNA a0065.7565072 ASH aFarhah Ashfaq, Shomaela Taqee, Munawar H. Shamsi & Abdul Moid 0aOnline Database of National Museum of Pakistan aKarachi:bUIT,c1996 aComputer System Engineering aBachelor of Engineering (BE) 001040708PR-CEaUITUbUITUd2022-07-26l0o0065.7565072 ASHpCE-65r2025-05-06 11:34:11w2025-05-06yPR c27838d27838